Zostavenie a schválenie rozpočtu obce na rok 2026

V príspevku sa venujeme zostaveniu a schváleniu rozpočtu obce na rok 2026. Upozorníme na vplyv ústavného zákona č. 493/2011 Z. z. o rozpočtovej zodpovednosti na jeho zostavenie a schválenie. Odpovieme na časté otázky z uplatnenia pravidiel rozpočtovej zodpovednosti pri zostavovaní a schvaľovaní rozp...

Description complète

Enregistré dans:
Détails bibliographiques
Auteur principal: Konečná Veverková, Ingrid
Format: Chapitre de livre
Langue:slovaque
Sujets:
Tags: Ajouter un tag
Pas de tags, Soyez le premier à ajouter un tag!

MARC

LEADER 00000naa a2200000 4500
001 0312557
005 20251002091135.4
041 0 |a slo 
044 |a SK 
245 1 0 |a Zostavenie a schválenie rozpočtu obce na rok 2026  |c Ingrid Konečná Veverková 
520 |a V príspevku sa venujeme zostaveniu a schváleniu rozpočtu obce na rok 2026. Upozorníme na vplyv ústavného zákona č. 493/2011 Z. z. o rozpočtovej zodpovednosti na jeho zostavenie a schválenie. Odpovieme na časté otázky z uplatnenia pravidiel rozpočtovej zodpovednosti pri zostavovaní a schvaľovaní rozpočtu. 
610 2 0 |a hospodárenie finančné 
610 2 0 |a rozpočty 
610 2 0 |a obce 
610 2 0 |a zákony 
610 2 0 |a provizórium rozpočtové 
100 1 |a Konečná Veverková, Ingrid